Canciones de The Rolling Stones - ¡Muerte súbita! - Estadísticas

Estadísticas generales
  • Esta prueba ha sido intentada 25 veces
  • La puntuación promedio es 7 de 15
Answers on the Grid
Answers color-coded by a green-red scale on the quiz's grid according to % correct below.
No Satisfaction
Gimme Shelter
Sympathy for the Devil
You Can’t Always Get What You Want
Paint It, White
(I Can’t Get No) Satisfaction
Can’t You Hear Me Knocking
She Loves You
You Really Got Me
Ruby Tuesday
As Tears Go By
She’s a Rainbow
Twist and Shout
God Gave Me Everything
House of the Rising Sun
I Can't Explain
My Generation
Brown Sugar
Wild Horses
Rock and Roll All Night
Working Man
Under My Thumb
Miss You
Let’s Spend the Night Together
Crazy Little Thing Called Love
I Wanna Be Your Dog
Touch Me
Beast of Burden
God Only Knows
She Said Yeah
 
Estadísticas de respuestas
Respuesta % Correcto
(I Can’t Get No) Satisfaction
91%
Sympathy for the Devil
77%
Brown Sugar
68%
Gimme Shelter
59%
Under My Thumb
59%
She’s a Rainbow
55%
You Can’t Always Get What You Want
50%
Let’s Spend the Night Together
45%
Ruby Tuesday
45%
Wild Horses
45%
Beast of Burden
41%
As Tears Go By
36%
Miss You
32%
Can’t You Hear Me Knocking
27%
She Said Yeah
14%
No se encontraron pruebas coincidentes
Distribución de puntuación
Porcentaje de gente con cada puntuación
Porcentaje por número respondido
Historial de tus puntuaciones
No has intentado esta prueba.